| 000 | 01024nam a2200289Ia 4500 | ||
|---|---|---|---|
| 003 | OSt | ||
| 005 | 20221005110009.0 | ||
| 006 | a|||||r|||| 00| 0 | ||
| 007 | ta | ||
| 008 | 221004b |||||||| |||| 00| 0 pan d | ||
| 020 |
_a8126003308 (pbk) _c200 |
||
| 024 | _a92573 | ||
| 037 |
_b523, 19/03/2009, Vani Prakashan _cTextual |
||
| 040 |
_aCRL _cCRL _bpan |
||
| 041 |
_2pan _apan |
||
| 082 | _aQ8441xK66:g, 152N9 | ||
| 100 | _aमहीप सिंह | ||
| 245 | 0 | _aगुरू गोबिंद सिंह | |
| 246 | _aGurū gobianda sianha | ||
| 250 | _a2संस्क | ||
| 260 |
_aनई दिल्ली _bसाहित्य अकादेमी भारत _c1999 |
||
| 300 |
_a112पृ0 _ccm. |
||
| 490 | _aभारतीय साहित्य के निर्माता | ||
| 650 | _aधर्मशास्त्र | ||
| 942 |
_hQ8441xK66:g, 152N9 _cTEXL _2cc |
||
| 999 |
_c1017470 _d1017470 |
||